[Event "Chigorin Memorial 20th"]
[Site "St Petersburg"]
[Date "2012.10.30"]
[Round "4"]
[White "Jorayeva, Govher"]
[Black "Pitkanen, Juhani"]
[Result "1-0"]
[WhiteElo "1990"]
[BlackElo "1763"]
[PlyCount "51"]
[EventDate "2012.10.27"]
[EventType "swiss"]
[EventRounds "9"]
[EventCountry "RUS"]
[SourceTitle "EXT 2013"]
[Source "ChessBase"]
[SourceDate "2012.11.22"]
[SourceVersion "1"]
[SourceVersionDate "2012.11.22"]
[SourceQuality "1"]

1. e4 c5 2. Nc3 a6 3. f4 b5 4. d4 cxd4 5. Qxd4 Nc6 6. Qf2 e6 7. Bd3 d6 8. Nf3 Nf6 9. 0-0 Bb7 10. e5 dxe5 11. fxe5 Ng4 12. Qg3 h5 13. Bf4 Nd4 14. Ng5 Qb6 15. Kh1 Bc5 16. Nce4 Nf5 17. Qe1 0-0 18. Nxc5 Qxc5 19. Ne4 Qc6 20. h3 Ngh6 21. Bxh6 Nxh6 22. Qg3 Nf5 23. Qg5 g6 24. Nf6+ Kh8 25. Bxf5 exf5 26. Qh6# 1-0

[Event "Chigorin Memorial 20th"]
[Site "St Petersburg"]
[Date "2012.10.29"]
[Round "3"]
[White "Shuvalov, Arvind"]
[Black "Jorayeva, Govher"]
[Result "1/2-1/2"]
[WhiteElo "1789"]
[BlackElo "1990"]
[PlyCount "110"]
[EventDate "2012.10.27"]
[EventType "swiss"]
[EventRounds "9"]
[EventCountry "RUS"]
[SourceTitle "EXT 2013"]
[Source "ChessBase"]
[SourceDate "2012.11.22"]
[SourceVersion "1"]
[SourceVersionDate "2012.11.22"]
[SourceQuality "1"]

1. e4 Nc6 2. Nf3 d6 3. d4 Nf6 4. Nc3 g6 5. Bd3 Bg7 6. h3 0-0 7. 0-0 e5 8. Be3 a6 9. a4 Bd7 10. Ne2 Re8 11. Ng3 Rb8 12. c3 b5 13. axb5 axb5 14. Qd2 b4 15. d5 bxc3 16. bxc3 Ne7 17. c4 Nxe4 18. Bxe4 f5 19. Ra3 fxe4 20. Nxe4 Bf5 21. Ng3 e4 22. Nd4 Rb7 23. Rfa1 Qb8 24. R1a2 Rb4 25. Qe2 Bd7 26. Kh2 Nf5 27. Ndxf5 Bxf5 28. Bf4 Rb2 29. Rxb2 Bxb2 30. Ra5 Bg7 31. c5 Be5 32. Bxe5 Rxe5 33. c6 Kg7 34. Rb5 Qa7 35. Nf1 Bc8 36. Ne3 Ba6 37. Ra5 Bxe2 38. Rxa7 Re7 39. Kg3 Kf6 40. Ra8 Ke5 41. Kh4 Rf7 42. Kg3 Kd4 43. Ra2 Bd3 44. Ra8 Kc5 45. Rg8 Kd4 46. Ra8 Kc5 47. h4 Kd4 48. Ra1 Kc5 49. Rh1 Be2 50. Rc1+ Kd4 51. Re1 Bd3 52. Rd1 Kc3 53. Ra1 Kd4 54. Ra4+ Ke5 55. Rb4 Be2 1/2-1/2

[Event "World ol U16 09th"]
[Site "Burdur"]
[Date "2010.12.02"]
[Round "8"]
[White "Jorayeva, Govher"]
[Black "Tsarouha, Marianthi"]
[Result "1/2-1/2"]
[WhiteElo "2064"]
[BlackElo "1771"]
[PlyCount "81"]
[EventDate "2010.11.27"]
[EventType "team-swiss"]
[EventRounds "10"]
[EventCountry "TUR"]
[SourceTitle "CBM 139 Extra"]
[Source "ChessBase"]
[SourceDate "2011.01.05"]
[SourceVersion "1"]
[SourceVersionDate "2011.01.05"]
[SourceQuality "1"]
[WhiteTeam "Turkmenistan II"]
[BlackTeam "Greece"]
[WhiteTeamCountry "TKM"]
[BlackTeamCountry "GRE"]

1. e4 c5 2. Nc3 Nc6 3. Bb5 Nd4 4. Bc4 g6 5. Nf3 Bg7 6. 0-0 e6 7. d3 Ne7 8. Nxd4 cxd4 9. Ne2 0-0 10. f4 d6 11. Ng3 d5 12. Bb3 dxe4 13. dxe4 e5 14. f5 Nc6 15. Qf3 Qd7 16. f6 Bh8 17. Bh6 Rd8 18. h3 d3 19. Rad1 Nd4 20. Qxd3 Nxb3 21. Qxd7 Bxd7 22. axb3 Bb5 23. c4 Rxd1 24. Rxd1 Bc6 25. Rd6 Re8 26. Be3 a6 27. Bc5 h5 28. Kf2 Re6 29. Rxe6 fxe6 30. Ke3 Bxf6 31. b4 Kf7 32. Bd6 Bg5+ 33. Kf3 Kf6 34. Ne2 Bd2 35. Ng3 Bf4 36. Nh1 Ba4 37. Nf2 Bc2 38. b5 axb5 39. cxb5 Bc1 40. b4 Bb2 41. h4 1/2-1/2

[Event "World ol U16 09th"]
[Site "Burdur"]
[Date "2010.11.29"]
[Round "4"]
[White "Jorayeva, Govher"]
[Black "Lamawansa, Yasas"]
[Result "1/2-1/2"]
[WhiteElo "2064"]
[BlackElo "1821"]
[PlyCount "89"]
[EventDate "2010.11.27"]
[EventType "team-swiss"]
[EventRounds "10"]
[EventCountry "TUR"]
[SourceTitle "CBM 139 Extra"]
[Source "ChessBase"]
[SourceDate "2011.01.05"]
[SourceVersion "1"]
[SourceVersionDate "2011.01.05"]
[SourceQuality "1"]
[WhiteTeam "Turkmenistan II"]
[BlackTeam "Sri Lanka"]
[WhiteTeamCountry "TKM"]
[BlackTeamCountry "SRI"]

1. e4 c5 2. Nf3 d6 3. c3 Nf6 4. Be2 Nc6 5. d4 cxd4 6. cxd4 Qa5+ 7. Nc3 Nxe4 8. d5 Nxc3 9. bxc3 Ne5 10. 0-0 g6 11. Nxe5 dxe5 12. Qb3 Qc7 13. Rd1 a6 14. Ba3 Bf5 15. c4 Rd8 16. c5 Bh6 17. Qa4+ Kf8 18. Qh4 Kg7 19. d6 exd6 20. Rxd6 Rxd6 21. cxd6 Qc3 22. Rd1 g5 23. Qb4 Qxb4 24. Bxb4 Rd8 25. Ba5 Rd7 26. Bc7 Be6 27. Bf3 Bxa2 28. Bxb7 Bb3 29. Ra1 Kf6 30. Bc6 Be6 31. Bxd7 Bxd7 32. Rxa6 Ke6 33. Ra8 Bg7 34. f3 f5 35. Kf2 e4 36. fxe4 Bd4+ 37. Kf3 fxe4+ 38. Kxe4 Bc6+ 39. Kxd4 Bxa8 40. g3 h5 41. Kc5 Kd7 42. Kd4 h4 43. gxh4 gxh4 44. Ke5 h3 45. Kf4 1/2-1/2

[Event "World School-ch U17 Girls 6th"]
[Site "Kayseri"]
[Date "2010.07.30"]
[Round "11"]
[White "Jorayeva, Govher"]
[Black "Enkhtuul, Altanulzii"]
[Result "0-1"]
[WhiteElo "2158"]
[BlackElo "2151"]
[PlyCount "58"]
[EventDate "2010.07.21"]
[EventType "tourn"]
[EventRounds "11"]
[EventCountry "TUR"]
[SourceTitle "CBM 137 Extra"]
[Source "ChessBase"]
[SourceDate "2010.09.01"]
[SourceVersion "1"]
[SourceVersionDate "2010.09.01"]
[SourceQuality "1"]

1. e4 Nf6 2. e5 Nd5 3. d4 d6 4. Nf3 Bg4 5. Be2 e6 6. 0-0 Be7 7. h3 Bh5 8. Nbd2 0-0 9. Ne4 Bg6 10. exd6 cxd6 11. Ng3 Nb4 12. a3 Nxc2 13. b4 Qa5 14. Ra2 Nxb4 15. Bd2 Qd5 16. Ra1 N4a6 17. Qa4 Rc8 18. Ng5 Qc6 19. Bb5 Qc7 20. Rfc1 Qd8 21. Rxc8 Qxc8 22. N5e4 d5 23. Nc3 Nc7 24. Be2 Nc6 25. Nh5 a6 26. Nf4 b5 27. Qb3 Nxd4 28. Nxg6 hxg6 29. Qa2 Bf6 0-1

[Event "World School-ch U17 Girls 6th"]
[Site "Kayseri"]
[Date "2010.07.23"]
[Round "4"]
[White "Jorayeva, Govher"]
[Black "Olenina, Aysa"]
[Result "1/2-1/2"]
[WhiteElo "2158"]
[BlackElo "2039"]
[PlyCount "124"]
[EventDate "2010.07.21"]
[EventType "tourn"]
[EventRounds "11"]
[EventCountry "TUR"]
[SourceTitle "CBM 137 Extra"]
[Source "ChessBase"]
[SourceDate "2010.09.01"]
[SourceVersion "1"]
[SourceVersionDate "2010.09.01"]
[SourceQuality "1"]

1. e4 e5 2. Nf3 Nc6 3. Nc3 Nf6 4. d4 exd4 5. Nxd4 Bb4 6. Nxc6 bxc6 7. Bd3 d5 8. exd5 cxd5 9. 0-0 0-0 10. Bg5 c6 11. Qf3 Re8 12. Rfe1 Rxe1+ 13. Rxe1 Be6 14. a3 Bd6 15. Bf5 Bxf5 16. Qxf5 Rb8 17. Bxf6 Qxf6 18. Qxf6 gxf6 19. Na4 Be5 20. c3 d4 21. cxd4 Bxd4 22. g3 Rb3 23. Re2 Kf8 24. Rc2 Rf3 25. Kg2 Rf5 26. f4 Ra5 27. Rc4 c5 28. f5 Ke7 29. Kf3 Kd6 30. Ke4 Be5 31. Kd3 Rb5 32. Kc2 Rb8 33. Rxc5 Rxb2+ 34. Nxb2 Kxc5 35. Nd3+ Kd4 36. Nb4 Ke4 37. Nc6 Bd6 38. a4 Bc5 39. Nd8 Kxf5 40. h3 h5 41. Kd3 Bf2 42. g4+ hxg4 43. hxg4+ Kxg4 44. Nxf7 f5 45. Nd6 Bc5 46. Nc4 Kg3 47. Ke2 Bb4 48. Ne5 f4 49. Nf3 Kg4 50. Ne5+ Kg3 51. Nf3 Bc5 52. Ng5 Bb6 53. Nf3 Kg4 54. Ne5+ Kf5 55. Nd3 Bd4 56. Kf3 Be3 57. Nb4 Bd2 58. Nd3 a6 59. Nc5 a5 60. Nb3 Bb4 61. Nd4+ Ke5 62. Nc6+ Kd5 1/2-1/2

[Event "Wch U16 Girls"]
[Site "Kemer"]
[Date "2009.11.20"]
[Round "9"]
[White "Anu, Bayar"]
[Black "Jorayeva, Govher"]
[Result "1/2-1/2"]
[WhiteElo "1876"]
[BlackElo "2064"]
[PlyCount "38"]
[EventDate "2009.11.12"]
[EventType "swiss"]
[EventRounds "11"]
[EventCountry "TUR"]
[SourceTitle "EXT 2010"]
[Source "ChessBase"]
[SourceDate "2010.11.25"]
[SourceVersion "1"]
[SourceVersionDate "2010.11.25"]
[SourceQuality "1"]

1. d4 Nf6 2. c4 g6 3. Nc3 Bg7 4. e4 d6 5. Nf3 0-0 6. Be2 Nbd7 7. h3 e5 8. d5 Nc5 9. Qc2 a5 10. Bg5 Bd7 11. a3 a4 12. Nd2 h6 13. Be3 b6 14. g4 g5 15. 0-0 c6 16. Rad1 cxd5 17. cxd5 Rc8 18. h4 Nh7 19. hxg5 hxg5 1/2-1/2

[Event "Wch U16 Girls"]
[Site "Kemer"]
[Date "2009.11.19"]
[Round "8"]
[White "Casolino, Rosa Maria"]
[Black "Jorayeva, Govher"]
[Result "1/2-1/2"]
[WhiteElo "1761"]
[BlackElo "2064"]
[PlyCount "103"]
[EventDate "2009.11.12"]
[EventType "swiss"]
[EventRounds "11"]
[EventCountry "TUR"]
[SourceTitle "EXT 2010"]
[Source "ChessBase"]
[SourceDate "2010.11.25"]
[SourceVersion "1"]
[SourceVersionDate "2010.11.25"]
[SourceQuality "1"]

1. e4 c5 2. Nf3 d6 3. d4 cxd4 4. Nxd4 Nf6 5. Nc3 g6 6. Be2 Bg7 7. 0-0 0-0 8. Be3 Nc6 9. Kh1 Bd7 10. f4 a6 11. a4 Rc8 12. Bf3 Qc7 13. Nxc6 Bxc6 14. Qe1 Rfd8 15. a5 Nd7 16. Bd2 Bb5 17. Be2 Bxe2 18. Qxe2 Qc4 19. Qf3 e6 20. Rae1 Qb4 21. Rb1 Qxa5 22. Qf2 Qc5 23. Qg3 f5 24. Rbe1 Re8 25. Re2 Re7 26. Rfe1 Rce8 27. Qd3 Bxc3 28. Bxc3 Rf7 29. Qh3 h5 30. Qd3 Nf6 31. Bxf6 Rxf6 32. e5 dxe5 33. Rxe5 Qc6 34. Qd4 Rf7 35. Rc5 Qd7 36. Qe3 Rd8 37. Re5 Qd6 38. Qb3 Rdd7 39. h3 Qc6 40. Qe3 Rd6 41. Rc5 Qb6 42. b3 Qb4 43. Rc4 Qd2 44. Rc3 Qxe3 45. Rcxe3 h4 46. c3 Rd2 47. Kg1 Rd6 48. R1e2 Rf6 49. Re5 Rd5 50. R5e3 e5 51. Rxe5 Rxe5 52. fxe5 1/2-1/2